000 00422nam a2200181Ia 4500
008 090124s9999 xx 000 0 und d
082 _b41456
100 _axyz
245 _a डॉ. हेडगेवार
250 _a4
260 _c1955
300 _a144
600 _axyz
630 _a डॉ. हेडगेवार
700 _axyz
730 _a डॉ. हेडगेवार
942 _cBOOK
999 _c107596
_d107596